000 00860nam a2200265 a 4500
003 DO-SdBNP
005 20220321114015.0
007 ta
008 210709e2002 dr ||||gr|||| 001 e spa d
040 _aDO-SdBNP
_bspa
_cBNPHU
082 4 _bJ58R
_222
100 1 _936511
_aRosario Goris, José,
_ePastor
245 1 0 _aJesús misionero modelo del evangelizador /
_cJosé Rosario Goris.
260 _aSanto Domingo :
_bAmigo del Hogar,
_bmsc,
_c2002
300 _a118 p. ;
_c21 cm.
490 _aRecursos pastorales ;
_v14
500 _a25 temas sobre Jesús. Ejemplo del evangelizador.
590 _aInventariado 2021 /MF
600 4 _934603
_aJesucristo
_xNombre
650 4 _9476
_aEvangelización
_xMetodología
650 4 _950775
_aJesucristo Modelo de Eenseñanza
830 _aRecursos pastorales ;
_n14
_979170
910 _aMFeliz
942 _2ddc
_cLBS1
999 _c50083
_d50083